000 00989pam a2200253 a 4500
001 14298624
005 20250223155330.0
008 060314s2005 enka b 001 0 eng
020 _a9780470022092 (alk. paper)
020 _a0470022094 (alk. paper)
050 0 0 _aRJ499
_b.C555 2005
245 0 0 _aClinical child psychiatry /
_ceditors, William M. Klykylo and Jerald L. Kay.
250 _a2nd ed.
260 _aEngland :
_bJohn Wiley & Sons,
_c2005.
300 _axii, 573 p. :
_bill. ;
_c25 cm.
650 0 _aChild psychiatry.
650 0 _aAdolescent psychiatry.
700 1 _aKlykylo, William M.
700 1 _aKay, Jerald L.
856 4 2 _3Publisher description
_uhttp://www.loc.gov/catdir/enhancements/fy0645/2006273459-d.html
856 4 2 _3Contributor biographical information
_uhttp://www.loc.gov/catdir/enhancements/fy0645/2006273459-b.html
856 4 1 _3Table of contents only
_uhttp://www.loc.gov/catdir/enhancements/fy0659/2006273459-t.html
942 _2lcc
_cBK
_e2nd ed.
_n0
999 _c4207
_d4207